| 000 | 00709 a2200205 4500 | ||
|---|---|---|---|
| 999 |
_c2086 _d2086 |
||
| 020 | _a1933290021 (pbk.) | ||
| 020 | _a9781933290027 (pbk.) | ||
| 050 | 0 | 0 | _aHG4026.MZU 2014 |
| 100 | 1 | _aMzumara, Macleans. | |
| 245 | 1 | 4 |
_aThe theory of money & banking in modern times / _cMacleans Mzumara. |
| 250 | _a2nd ed | ||
| 264 |
_aHarare: _bGlobal institute of business., _c2014 |
||
| 300 |
_a312 p. : _bill. ; |
||
| 500 | _aIncludes bibliographical references and index. | ||
| 504 | _aIncludes bibliographical references and index. | ||
| 650 | 0 | _aMoney. | |
| 650 | 0 | _aBanks and banking. | |
| 942 |
_2lcc _cBK _e2nd ed _h4026 _iMZU _kHG |
||